Beyond Einstein : (Record no. 12747)
[ view plain ]
| 000 -LEADER | |
|---|---|
| fixed length control field | 01493nam a2200313 a 4500 |
| 001 - CONTROL NUMBER | |
| control field | 12747 |
| 003 - CONTROL NUMBER IDENTIFIER | |
| control field | BD-JhCC |
| 005 - DATE AND TIME OF LATEST TRANSACTION | |
| control field | 20230510114020.0 |
| 008 - FIXED-LENGTH DATA ELEMENTS--GENERAL INFORMATION | |
| fixed length control field | 230510s1995 nyua b 00100 eng |
| 010 ## - LIBRARY OF CONGRESS CONTROL NUMBER | |
| LC control number | 95001815 |
| 020 ## - INTERNATIONAL STANDARD BOOK NUMBER | |
| International Standard Book Number | 0385477813 |
| Qualifying information | paperback |
| 035 ## - SYSTEM CONTROL NUMBER | |
| System control number | (BD-JhCC)12747 |
| 040 ## - CATALOGING SOURCE | |
| Original cataloging agency | ANL |
| Language of cataloging | eng |
| Modifying agency | ANL |
| -- | BD-JhCC |
| Transcribing agency | BD-JhCC |
| 082 00 - DEWEY DECIMAL CLASSIFICATION NUMBER | |
| Classification number | 530.1 |
| Edition number | 20 |
| Item number | KAK 1995 |
| 100 1# - MAIN ENTRY--PERSONAL NAME | |
| Personal name | Kaku, Michio. |
| 245 10 - TITLE STATEMENT | |
| Title | Beyond Einstein : |
| Remainder of title | the cosmic quest for the theory of the universe / |
| Statement of responsibility, etc. | Micho Kaku and Jennifer Trainer Thompson. |
| 250 ## - EDITION STATEMENT | |
| Edition statement | Rev. and updated., 1st Anchor Books ed. |
| 260 ## - PUBLICATION, DISTRIBUTION, ETC. | |
| Place of publication, distribution, etc. | New York : |
| Name of publisher, distributor, etc. | Anchor Books, |
| Date of publication, distribution, etc. | 1995. |
| 300 ## - PHYSICAL DESCRIPTION | |
| Extent | xi, 224 p. : |
| Other physical details | ill. ; |
| Dimensions | 21 cm. |
| 504 ## - BIBLIOGRAPHY, ETC. NOTE | |
| Bibliography, etc. note | Includes bibliographical references (p. [211]-212) and index. |
| 505 0# - FORMATTED CONTENTS NOTE | |
| Formatted contents note | Pt. I. A Theory of the Universe. 1. Superstrings: A Theory of Everything? 2. The Quest for Unification. 3. The Quantum Puzzle. 4. The Riddle of Infinities. 5. The Top Quark -- Pt. II. Supersymmetry and Superstrings. 6. The Birth of the Superstring Theory. 7. Symmetry: The Missing Link. 8. Supersymmetry -- Pt. III. Beyond the Fourth Dimension. 9. Before the Big Bang. 10. The Mystery of Dark Matter. 11. Cosmic Strings. 12. Journey to Another Dimension. 13. Back to the Future. 14. Beyond Einstein. |
| 650 #0 - SUBJECT ADDED ENTRY--TOPICAL TERM | |
| Topical term or geographic name entry element | Unified field theories. |
| 650 #0 - SUBJECT ADDED ENTRY--TOPICAL TERM | |
| Topical term or geographic name entry element | Superstring theories. |
| 650 #0 - SUBJECT ADDED ENTRY--TOPICAL TERM | |
| Topical term or geographic name entry element | Supersymmetry. |
| 650 #0 - SUBJECT ADDED ENTRY--TOPICAL TERM | |
| Topical term or geographic name entry element | Cosmology. |
| 700 1# - ADDED ENTRY--PERSONAL NAME | |
| Personal name | Thompson, Jennifer Trainer. |
| 942 ## - ADDED ENTRY ELEMENTS (KOHA) | |
| Source of classification or shelving scheme | Dewey Decimal Classification |
| Koha item type | Books |
| Withdrawn status | Lost status | Source of classification or shelving scheme | Damaged status | Not for loan | Home library | Current library | Shelving location | Date acquired | Cost, normal purchase price | Total Checkouts | Full call number | Barcode | Date last seen | Date last checked out | Copy number | Price effective from | Koha item type |
|---|---|---|---|---|---|---|---|---|---|---|---|---|---|---|---|---|---|
| Dewey Decimal Classification | JCC Rouf Library | JCC Rouf Library | General Stacks | 05/10/2023 | 800.00 | 4 | 530.1 KAK 1995 | 17716 | 01/22/2025 | 01/21/2025 | C-1 | 05/10/2023 | Books |